000 01773cam a22003255a 4500
001 L159814
008 120501s2014 xxk f 001 0 eng d
020 _a9781783210831
035 _a(Sirsi) u159814
041 0 _aeng
050 0 4 _a692.3095
110 1 _aRoyal Institution of Chartered Surveyors
_94900
240 _aNRM 2
245 0 0 _aGuidelines on NRM 2
_bDetailed measurement of building works
_h[archived]
260 _aLondon
_bRICS
_c2014
490 0 _aRICS Information Paper
520 _aThese guidelines accompany the New Rules of Measurement (NRM) and are intended to be read in conjunction with Parts 2 and 3 of NRM 2: Detailed measurement for building works. The guidelines have four main purposes, to assist the quantity surveyor (QS) in understanding and implementing the rules of measurement in NRM 2; to encourage good practice in the measurement of building works; to give guidance on the communication of information relative to quantities of finished work where their value is modified by position, complexity, simplicity, repetition, eccentric distribution or other cost significant factors; to give a brief explanation of a number of novel features introduced into NRM 2; why they have been included and how they came about.
521 _aAdvanced
590 _aKA
650 2 4 _aRICS NEW RULES OF MEASUREMENT
650 2 4 _aNEW RULES OF MEASUREMENT 2
651 4 _aInternational
690 _aCost management
_96233
690 _aMeasurement
_96256
690 _aConstruction management
_96230
690 _aProject management
_96261
700 1 _aDavidson, John
856 4 0 _uhttps://www.rics.org/profession-standards/knowledge-and-information-services
_zFor an archived copy please email [email protected]
942 _n0
_2ddc
999 _c116123
_d116123